Parishes of Jersey on a Map - Statistics

General Stats
  • This quiz has been taken 213 times
  • The average score is 9 of 12
Answers on the Map
Answers color-coded by a green-red scale on the quiz's map according to % correct below.
 
Answer Stats
Parish % Correct
St. Helier
91%
St. John
83%
St. Mary
81%
St. Ouen
80%
St. Peter
80%
Grouville
75%
St. Brelade
75%
Trinity
72%
St. Clement
65%
St. Lawrence
61%
St. Saviour
61%
St. Martin
58%
No matching quizzes found
Score Distribution
Percent of People with Each Score
Percentile by Number Answered
Your Score History
You have not taken this quiz